Films sur la danse par images - Statistiques

Statistiques générales
  • Ce quiz a été pris 286 fois
  • Le résultat moyen est 6 sur 16
Statistiques - réponses
Par images Réponse % Correct
Dirty Dancing
94%
Grease
87%
Black Swan
76%
Billy Elliot
74%
Chantons sous la pluie
53%
Flashdance
52%
Footloose
41%
Sexy Dance
35%
La Fièvre du samedi soir
34%
En corps
22%
Step Up: Year of the Dance
12%
Save the Last Dance
9%
Les Chaussons rouges
7%
Street Dancers
6%
High Strung
0%
Whatever Lola Wants
0%
Aucun quiz correspondant
Distribution des résultats
% des personnes avec chaque résultat
Percentile par nombre de réponses
Votre historique - résultats
Vous n’avez pas pris ce quiz